Séries les + suivies sur TV Time - Statistiques

Statistiques générales
  • Ce quiz a été pris 104 fois
  • Le résultat moyen est 6 sur 20
Statistiques - réponses
Hint Réponse % Correct
3,29 Millions Breaking Bad
77%
5,99 Millions Game of Thrones
76%
4,58 Millions La Casa de Papel
60%
7,70 Millions Stranger Things
53%
5,35 Millions The Walking Dead
52%
4,46 Millions Grey's Anatomy
47%
3,68 Millions Élite
32%
3,14 Millions Vikings
31%
3,54 Millions Black Mirror
19%
3,50 Millions You
19%
4,68 Millions Riverdale
17%
4,03 Millions The 100
17%
3,39 Millions Orange Is the New Black
15%
3,46 Millions Les Simpson
13%
4,81 Millions 13 Reasons Why
9%
4,06 Millions Lucifer
9%
4,13 Millions Sex Education
9%
3,13 Millions Supernatural
8%
3,87 Millions The Flash
6%
3,10 Millions American Horror Story
3%
Aucun quiz correspondant
Distribution des résultats
% des personnes avec chaque résultat
Percentile par nombre de réponses
Votre historique - résultats
Vous n’avez pas pris ce quiz